Soumrak demokracie svůdná přitažlivost autoritářství

Saved in:
Bibliographic Details
Main Author: Applebaumová, Anne
Format: Book
Language:Czech
Published: Praha Beta-Dobrovský 2020
Edition:1. vydání
Subjects:
Tags: Add Tag
No Tags, Be the first to tag this record!

MARC

LEADER 00000nam a2200000 4500
001 0305161
005 20250103100136.2
020 |a 978-80-7291-256-8 
020 |a 978-80-7593-289-1 
041 0 |a cze 
044 |a CZ 
245 1 0 |a Soumrak demokracie  |b svůdná přitažlivost autoritářství  |c Anne Applebaumová 
250 |a 1. vydání 
264 1 |a Praha  |b Beta-Dobrovský  |c 2020 
300 |a 190 s. 
610 2 0 |a demokracia 
610 2 0 |a nacionalizmus 
610 2 0 |a totalitarizmus 
610 2 0 |a diktatúra 
610 2 0 |a liberalizmus 
610 2 0 |a médiá sociálne 
100 1 |a Applebaumová, Anne